000 00323nam a22001337a 4500
999 _c14844
_d14844
020 _a8186299785
020 _a9788186299784
082 _a664.02
_bDAS/FO
100 _aDas, H
_92070
245 _aFood processing operations analysis
260 _aNew Delhi
_bAsian Book Private Limited
_c2005
300 _a406
942 _cBK